Impact of cold weather condition on the growth of Hevea brasiliensis clones in Northern West Bengal (Record no. 60728)

MARC details
000 -LEADER
fixed length control field 00530nam a2200181Ia 4500
100 ## - MAIN ENTRY--AUTHOR NAME
Personal name Meti S
245 #0 - TITLE STATEMENT
Title Impact of cold weather condition on the growth of Hevea brasiliensis clones in Northern West Bengal
260 ## - PUBLICATION, DISTRIBUTION, ETC. (IMPRINT)
Name of publisher Indian Journal of Natural Rubber Research
Year of publication 2003
300 ## - PHYSICAL DESCRIPTION
Number of Pages 53-59
650 ## - SUBJECT ADDED ENTRY--TOPICAL TERM
Topical Term Cold injury
650 ## - SUBJECT ADDED ENTRY--TOPICAL TERM
Topical Term Hevea brasiliensis
650 ## - SUBJECT ADDED ENTRY--TOPICAL TERM
Topical Term Photosynthesis
700 ## - ADDED ENTRY--PERSONAL NAME
Personal name Chaudhuri D
700 ## - ADDED ENTRY--PERSONAL NAME
Personal name Meenattoor R
700 ## - ADDED ENTRY--PERSONAL NAME
Personal name Mondal G C
942 ## - ADDED ENTRY ELEMENTS (KOHA)
Koha item type Journals
Holdings
Withdrawn status Lost status Damaged status Not for loan Home library Current library Shelving location Date acquired Serial Enumeration / chronology Koha item type
      Journals RRII Library RRII Library Soils and agonomy 17/12/2021 Volume 16, Issue 1&2 Journals